Datum a čas kvízu
32
Celkem bodů
Celkový počet nahraných bodů na tomto kvízu bez doplňovacích otázek.
8.
Pořadí na kvízu
Konečné umístění týmu na tomto kvízu.
Zaznamenané odpovědi
| # | Otázka | Odpověď | Body | Výsledky |
|---|---|---|---|---|
| 1. | Minulé úterý jsme si mohli pov... | autismus, modrá barva | 1 | |
| 2. | Argentinský prezident Javier M... | Falklandské (Malvínské) ostrovy | 0 | |
| 3. | Ve středu zveřejnil americký č... | Taylor Swift | 1 | |
| 4. | Minulý týden jsme se dozvěděli... | Portál občana | 1 | |
| 5. | Začátkem týdne dostal generáln... | o basketbalu | 1 | |
| 6. | Zobrazený anglický lékař roku... | William Harvey | 0 | |
| 7. | Ve kterém orgánu lidského těla... | ve slezině | 1 | |
| 8. | Vyberte pravdivé tvrzení: | D | 0 | |
| 9. | Za půl bodu napište, jak se na... | Alexej; hemofilie | 1 | |
| 10. | Uveďte rodové jméno zvířete, p... | makak (makak rhesus) | 1 |